NIGERIA BAR JOURNAL (Record no. 43655)

MARC details
003 - CONTROL NUMBER IDENTIFIER
control field 43668
005 - DATE AND TIME OF LATEST TRANSACTION
control field 20250929204523.0
008 - FIXED-LENGTH DATA ELEMENTS--GENERAL INFORMATION
fixed length control field 250929b |||||||| |||| 00| 0 eng d
022 ## - INTERNATIONAL STANDARD SERIAL NUMBER
Source 07955464
040 ## - CATALOGING SOURCE
Transcribing agency Nile University of Nigeria, Abuja.
Description conventions rda
050 ## - LIBRARY OF CONGRESS CALL NUMBER
Classification number K 60 N5
082 ## - DEWEY DECIMAL CLASSIFICATION NUMBER
Classification number K 60 N5
245 ## - TITLE STATEMENT
Title NIGERIA BAR JOURNAL
250 ## - EDITION STATEMENT
Edition statement Vol.1-2012-vol 10,2017
260 ## - PUBLICATION, DISTRIBUTION, ETC. (IMPRINT)
Place of publication, distribution, etc Abuja
Name of publisher, distributor, etc NBJ Press
Date of publication, distribution, etc 2012/2017
264 ## - PUBLICATION, DISTRIBUTION, ETC. (IMPRINT)
Place of publication, distribution, etc Abuja
Name of publisher, distributor, etc NBJ Press
Date of publication, distribution, etc 2012/2017
300 ## - PHYSICAL DESCRIPTION
Other physical details vi, 239pg., 25cm/35cm
336 ## - CONTENT TYPE
Source rdacontent
338 ## - CARRIER TYPE
Source rdacarrier
942 ## - ADDED ENTRY ELEMENTS (KOHA)
Source of classification or shelving scheme Library of Congress Classification
Koha item type JOURNALS
Holdings
Withdrawn status Lost status Source of classification or shelving scheme Damaged status Not for loan Permanent Location Current Location Shelving location Date acquired Total Checkouts Date last seen Price effective from Koha item type
    Library of Congress Classification     Law Library Law Library Items on shelf 09/04/2017   09/29/2025 09/29/2025 JOURNALS
    Library of Congress Classification     Law Library Law Library Items on shelf 09/04/2017   09/29/2025 09/29/2025 JOURNALS
    Library of Congress Classification     Law Library Law Library Items on shelf 09/04/2017   09/29/2025 09/29/2025 JOURNALS
    Library of Congress Classification     Law Library Law Library Items on shelf 09/04/2017   09/29/2025 09/29/2025 JOURNALS
    Library of Congress Classification     Law Library Law Library Items on shelf 09/04/2017   09/29/2025 09/29/2025 JOURNALS
    Library of Congress Classification     Law Library Law Library Items on shelf 09/04/2017   09/29/2025 09/29/2025 JOURNALS
    Library of Congress Classification     Law Library Law Library Items on shelf 09/04/2017   09/29/2025 09/29/2025 JOURNALS
    Library of Congress Classification     Law Library Law Library Items on shelf 09/04/2017   09/29/2025 09/29/2025 JOURNALS
    Library of Congress Classification     Law Library Law Library Items on shelf 09/04/2017   09/29/2025 09/29/2025 JOURNALS
    Library of Congress Classification     Law Library Law Library Items on shelf 09/04/2017   09/29/2025 09/29/2025 JOURNALS
    Library of Congress Classification     Law Library Law Library Items on shelf 09/04/2017   09/29/2025 09/29/2025 JOURNALS